Un desafio (Record no. 153433)

MARC details
000 -LEADER
campo de control de longitud fija 00684nam a22001815i 4500
001 - NÚMERO DE CONTROL
campo de control 153433
003 - IDENTIFICADOR DE NÚMERO DE CONTROL
campo de control ES-MaACL
005 - FECHA Y HORA DE LA ÚLTIMA TRANSACCIÓN
campo de control 20231226145007.0
008 - DATOS DE LONGITUD FIJA--INFORMACIÓN GENERAL
campo de control de longitud fija 040806s1834 sp |||| | spa d
040 ## - FUENTE DE CATALOGACIÓN
Centro catalogador/agencia de origen CAM
Lengua de catalogación spa
Centro/agencia transcriptor CAM
100 1# - ENTRADA PRINCIPAL--NOMBRE DE PERSONA
Nombre de persona Larra, Mariano José de,
Fechas asociadas al nombre 1809-1837
9 (RLIN) 70287
245 13 - MENCIÓN DEL TÍTULO
Título Un desafio
Resto del título : drama en tres actos y en prosa /
Mención de responsabilidad, etc. arreglada al teatro español por Ramon de Arriala.
260 ## - PUBLICACIÓN, DISTRIBUCIÓN, ETC.
Lugar de publicación, distribución, etc. Madrid :
Nombre del editor, distribuidor, etc. [s.n.],
Fecha de publicación, distribución, etc. 1834 (
Fabricante Imprenta de Repulles)
300 ## - DESCRIPCIÓN FÍSICA
Extensión 66 p. ;
Dimensiones 15 cm.
594 ## - Nota al título y mención de responsabilidad
Nota al título y mención de responsabilidad Ramón de Arriala es seudónimo de Mariano José de Larra.
852 ## - LOCALIZACIÓN
Ubicación ES-MaACL
Número de control de estantería R-1778(3)
Nota libre -- Enc. piel
-- -- Enc. en un vol. facticio
Holdings
Estatus retirado Estado de pérdida Estado de daño No para préstamo Colección Biblioteca de origen Biblioteca actual Ubicación en estantería Fecha de adquisición Fuente de adquisición Total de préstamos Signatura topográfica completa Código de barras Visto por última vez Precio de reemplazo Tipo de ítem Koha
        Libros del s. XIX Biblioteca del Ateneo de Madrid Biblioteca del Ateneo de Madrid Depósito 17/01/2008     R-1778(3) 1160355 23/02/2023 23/02/2023 Libro impreso antiguo